[Event "Internet Section 06A g/8'+2\""]
[Site "Dos Hermanas"]
[Date "2004.03.06"]
[Round "9"]
[White "Darr, James"]
[Black "Sklar, Erick"]
[Result "1/2-1/2"]
[WhiteElo "1480"]
[BlackElo "1117"]
[PlyCount "56"]
[EventDate "2004.03.06"]
[EventType "swiss (blitz)"]
[EventRounds "9"]
[EventCountry "ESP"]
[SourceTitle "CBM 099 Extra"]
[Source "ChessBase"]
[SourceDate "2004.05.04"]
[SourceVersion "1"]
[SourceVersionDate "2004.05.04"]
[SourceQuality "1"]

1. e4 e5 2. Nf3 Nc6 3. Bb5 a6 4. Ba4 b5 5. Bb3 d6 6. 0-0 f5 7. exf5 Bxf5 8. d4 Nxd4 9. Nxd4 exd4 10. Re1+ Ne7 11. Qxd4 c5 12. Qf4 Qd7 13. g4 Bxg4 14. Bf7+ Kd8 15. f3 Nf5 16. fxg4 Nh4 17. Re8+ Kc7 18. Rxa8 Qc6 19. Ra7+ Kb8 20. Qg3 Qe4 21. Qxh4 Kxa7 22. Nc3 Qd4+ 23. Qf2 Qxg4+ 24. Kh1 b4 25. Nd5 Qe4+ 26. Qg2 Qe1+ 27. Qg1 Qe4+ 28. Qg2 Qe1+ 1/2-1/2

[Event "Internet Section 06A g/8'+2\""]
[Site "Dos Hermanas"]
[Date "2004.03.06"]
[Round "3"]
[White "Kiluc, Obuz Adnan"]
[Black "Sklar, Erick"]
[Result "1-0"]
[WhiteElo "1562"]
[BlackElo "1115"]
[PlyCount "29"]
[EventDate "2004.03.06"]
[EventType "swiss (blitz)"]
[EventRounds "9"]
[EventCountry "ESP"]
[SourceTitle "CBM 099 Extra"]
[Source "ChessBase"]
[SourceDate "2004.05.04"]
[SourceVersion "1"]
[SourceVersionDate "2004.05.04"]
[SourceQuality "1"]

1. e4 e5 2. f4 exf4 3. Nf3 b6 4. Bc4 Bb7 5. 0-0 Nf6 6. e5 Bc5+ 7. d4 Bxd4+ 8. Qxd4 c5 9. Qxf4 Bd5 10. exf6 Bxc4 11. Qxc4 gxf6 12. Nc3 Rg8 13. Bf4 Nc6 14. Bd6 Na5 15. Rae1+ 1-0

[Event "Internet Section 06A g/8'+2\""]
[Site "Dos Hermanas"]
[Date "2004.03.06"]
[Round "1"]
[White "Sadafi, Rafael"]
[Black "Sklar, Erick"]
[Result "1-0"]
[WhiteElo "2013"]
[BlackElo "1118"]
[PlyCount "49"]
[EventDate "2004.03.06"]
[EventType "swiss (blitz)"]
[EventRounds "9"]
[EventCountry "ESP"]
[SourceTitle "CBM 099 Extra"]
[Source "ChessBase"]
[SourceDate "2004.05.04"]
[SourceVersion "1"]
[SourceVersionDate "2004.05.04"]
[SourceQuality "1"]

1. e4 e5 2. Nf3 Nc6 3. Bc4 Nf6 4. d3 d5 5. exd5 Nxd5 6. h3 a6 7. a4 Be7 8. 0-0 Qd7 9. Re1 f6 10. c3 Nf4 11. Bxf4 exf4 12. Qd2 Na5 13. Qxf4 Nxc4 14. Qxc4 Qd6 15. Nbd2 Be6 16. Qe4 Kf7 17. Nd4 Bd5 18. Qh4 Bxg2 19. Kxg2 Qd5+ 20. Qe4 Qg5+ 21. Kh1 Rae8 22. Ne6 Qxd2 23. Nxc7 Bd6 24. Nxe8 Rxe8 25. Qxe8# 1-0